| 000 | 00820cam a22002414a 4500 | ||
|---|---|---|---|
| 001 | 16577835 | ||
| 005 | 20241031163246.0 | ||
| 008 | 101213s2011 enk b 001 0 eng | ||
| 020 | _a9780521199094 (hardback) | ||
| 020 | _a0521199093 (hardback) | ||
| 020 | _a9780521153393 (paperback) | ||
| 020 | _a0521153395 (paperback) | ||
| 050 | 0 | 0 |
_aJZ6010 _b.M47 2011 |
| 082 | 0 | 0 |
_a341.5/2 _222 |
| 100 | 1 | _aMerrills, J. G. | |
| 245 | 1 | 0 |
_aInternational dispute settlement / _cJ.G. Merrills. |
| 250 | _a5th ed. | ||
| 260 |
_aCambridge, UK ; _aNew York : _bCambridge University Press, _c2011. |
||
| 300 |
_axxv, 359 p. ; _c25 cm. _bIndex |
||
| 650 | 0 | _aPacific settlement of international disputes. | |
| 856 | 4 | 2 |
_3Cover image _uhttp://assets.cambridge.org/97805211/99094/cover/9780521199094.jpg |
| 942 |
_2lcc _cBK _eFifth Ed. _n0 |
||
| 999 |
_c484 _d484 |
||